000 00442nam a22001577a 4500
003 OSt
008 251220b |||||||| |||| 00| 0 eng d
082 _a631.53
_bS48B
100 _aSingh, Daya Nand
245 _aBreeding For Resistance To Alternaria Blight In Indian Mustard (Brassica Juncea L. Czern & Coss)
260 _aPusa, Samastipur
_bRAU
_c1998
300 _a82 p.
502 _bPh. D.
650 _aPlant Breeding
942 _2ddc
_cT
999 _c49621
_d49621